Courstship, eggs, and development of the plains topminnow in Nebraska (<Actinopterygii: Fundulidae>) (Registro nro. 9181)

Detalles MARC
000 -CABECERA
Campo de control 005880000a22001810004500
090 ## - CLASIFICACIÓN LOCAL
Colección AR
Consecutivo 00080
041 0# - IDIOMA
Código de idioma para texto/pista de sonido o título separado
100 1# - ASIENTO PRINCIPAL--NOMBRE PERSONAL
Nombre personal Kaufmann, Scott A.
245 10 - MENCION DE TITULO
Título Courstship, eggs, and development of the plains topminnow in Nebraska (<Actinopterygii: Fundulidae>)
650 14 - ASIENTO SECUNDARIO DE MATERIA - TERMINO TEMATICO
Término temático o nombre geográfico como elemento de entrada Peces
650 14 - ASIENTO SECUNDARIO DE MATERIA - TERMINO TEMATICO
Término temático o nombre geográfico como elemento de entrada Biología reproductiva
650 14 - ASIENTO SECUNDARIO DE MATERIA - TERMINO TEMATICO
Término temático o nombre geográfico como elemento de entrada Acuarios
651 #4 - ASIENTO SECUNDARIO DE MATERIA - NOMBRE GEOGRAFICO
-- Nebraska
-- Estados Unidos
653 ## - TERMINO DE INDIZACION - NO CONTROLADO
-- Fundulidae
-- Fundulus
-- Fundulus sciadicus
700 1# - ASIENTO SECUNDARIO - NOMBRE PERSONAL
Nombre personal Lynch, John D.
773 1# - Item fuente:
Título Prairie Nat.
Especificación de materiales 40
Descripción física 1
Paginas del Articulo 41-45
Lugar, editorial y fecha de publicación 1991
Información sobre la relación 23
942 ## - ELEMENTOS ADICIONALES (KOHA)
Tipo de ítem Artículo
Existencias
Withdrawn status Lost status Sistema de Clasificación Damaged status No para préstamo Colección Ubicación Permanente Ubicación actual Fecha de adquisición Fuente de Valor Total Checkouts Número topográfico Inventario / Código de Barras Date last seen Ejemplar Price effective from Tipo de material
    Dewey Decimal Classification   No para Préstamo Hemeroteca Bogotá Bogotá 27/02/2015 Gast, Fernando   AR 00080 Fuera de circulación 010307 25/03/2015 1 25/03/2015 Artículo